Danger Foods Quiz Stats

 Plays Quiz Updated Oct 18, 2018

Score 0/10 Timer 03:00
0 Plays Today
# Outbreaks Food % Correct
83Cheese
68.8%
363Leafy Greens
55.8%
31Tomatoes
44.1%
132Oysters
43.8%
268Tuna
33.6%
352Eggs
32.9%
74Ice Cream
28.2%
108Potatoes
28.1%
25Berries
27.3%
31Sprouts
5%

You're not logged in!

Compare scores with friends on all Sporcle quizzes.
OR
Log In

Sporcle TV

Today on Sporcle TV


Watch our educational content, quiz creation guides, and fun videos on Sporcle TV.

Show Comments

Extras

Top Quizzes Today


Score Distribution

Your Account Isn't Verified!

In order to create a playlist on Sporcle, you need to verify the email address you used during registration. Go to your Sporcle Settings to finish the process.

Report this User

Report this user for behavior that violates our Community Guidelines.

Details: